Statistics for Nerdom

Click here to take the quiz!

General Stats

  • This quiz has been taken 14,399 times
  • The average score is 9 of 20

Answer Stats

Question Answer % Correct
What game is organized by a dungeonmaster?Dungeons & Dragons
83%
Where does Superman go when he needs some alone time?Fortress of {Solitude}
77%
What are the first five digits of π?3.1415
66%
What do you call a bro who likes "My Little Pony"?Brony
61%
Anime is to Cartoon as _____ is to Comic BookManga
61%
What is the answer to life, the universe and everything?42
60%
What game is subtitled "The Gathering"?Magic
57%
Who wrote "The Silmarillion"?J.R.R. Tolkien
53%
What is the middle name of astrophysicist Neil Tyson?deGrasse
52%
What does LARP stand for?Live Action Role Playing
51%
What type of animal is the mascot of Linux?Penguin
45%
What type of alien is Lieutenant Worf?Klingon
41%
1337 corresponds to what English word?Elite
31%
What science fiction series was written by Frank Herbert?Dune
29%
In what game can you earn two victory points for having the longest road?Settlers of Catan
28%
What internet discussion board was started by "moot"?4chan
27%
What company owns the rights to above two games?Wizards of the Coast
24%
What ship did William Adama captain?Battlestar Galactica
18%
What animes series featured the characters Spike Spiegel and Faye Valentine?Cowboy Bebop
12%
Who does Triangle Man hate, according to They Might Be Giants?Particle Man
8%

Score Distribution

Percentile by Number Answered

Percent of People with Each Score

Your Score History

You have not taken this quiz